000 01254nam a2200337Ia 4500
005 20220317000307.0
007 ta
008 210811s2010 sp ao se s dspa d
020 _a9788479028152
040 _aCO-BoRNBP
_bspa
_cCO-BoRNBP
_erda
041 1 _aspa
_heng
082 0 4 _a615.822
_bE44a
_222
100 1 _aEllsworth, Abby
_eautora
245 1 0 _aAnatomía del masaje
_bguía ilustrada de técnicas de masaje para todas las áreas corporales
_cAbby Ellsworth y Peggy Altman ; traducción Joaquín Tolsá
264 1 _aMadrid
_bEdiciones Tutor
_c2010
300 _a159 páginas
_bilustraciones y fotografías a color
_c27 cm
336 _atexto
_btxt
_2rdacontent
337 _asin mediación
_bn
_2rdamedia
338 _avolumen
_bnc
_2rdacarrier
490 0 _aEn forma
500 _aIncluye glosario al final del texto
521 _aRecomendado para un público adulto
534 _tMassage anatomy. A comprehensive guide
545 _aIncluye datos biográficos de las autoras en la solapa
650 1 7 _aMasaje
_vManuales
_2LEMB
650 1 7 _aFisioterapia
_2LEMB
_vManuales
650 1 7 _aTerapéutica física
_vManuales
_2LEMB
700 1 _aAltman, Peggy
_eautora
_913251
700 1 _aTolsá, Joaquín
_etraductor
_911815
942 _2ddc
_cBK
999 _c3644
_d3644